[Event "Grand Masters/Experts-ch"]
[Site "Lansing"]
[Date "1999.01.09"]
[Round "3"]
[White "Sunnerville, Bret"]
[Black "De Lucas, Ronald"]
[Result "0-1"]
[WhiteElo "1605"]
[BlackElo "1605"]
[PlyCount "64"]
[EventDate "1999.??.??"]
[EventType "swiss"]
[EventRounds "5"]
[EventCountry "USA"]
[SourceTitle "EXT 2007"]
[Source "ChessBase"]
[SourceDate "2006.11.23"]
[SourceVersion "1"]
[SourceVersionDate "2006.11.23"]
[SourceQuality "1"]

1. d4 d5 2. Nf3 f6 3. Nc3 c6 4. e4 e6 5. Bd3 Na6 6. a3 Be7 7. 0-0 Nh6 8. b4 0-0 9. Bf4 g5 10. Bg3 g4 11. Nh4 f5 12. b5 f4 13. bxa6 Bxh4 14. exd5 exd5 15. axb7 Bxb7 16. Rb1 Bc8 17. Qe1 fxg3 18. fxg3 Re8 19. Ne2 Bf6 20. c4 Bxd4+ 21. Kh1 Re3 22. Rd1 Rb8 23. Rf4 c5 24. h3 Qe7 25. cxd5 Qd6 26. Bc4 Be5 27. Qf1 Rb2 28. Rf8+ Qxf8 29. d6+ Nf7 30. Bxf7+ Qxf7 31. Nc1 Qxf1+ 32. Rxf1 Rxg3 0-1